| 000 | 00772nam a22002297a 4500 | ||
|---|---|---|---|
| 999 |
_c1022 _d1022 |
||
| 003 | AR-CdUCM | ||
| 008 | 190226b ||||| |||| 00| 0 spa d | ||
| 040 |
_aMUNICIPALIDAD PROVINCIAL DEL CUSCO _cBIBLIOTECA MUNICIPAL DEL CUSCO |
||
| 082 |
_a338.54 / _bL37 |
||
| 100 |
_aLee, Maurice _93980 |
||
| 245 |
_aEstabilidad Economica / _cLee, Maurice |
||
| 260 |
_aBuenos Aires - Argentina: _bAmorrortu , _c1967. |
||
| 300 |
_a211 paginas. _c19.5 cm. |
||
| 505 | _aEconomia Internacional -- Economia Politica Argentina... | ||
| 650 |
_aEconomia Argentina. _93981 |
||
| 650 |
_aEconomia Politica. _91408 |
||
| 650 |
_aEconomia Internacional. _93982 |
||
| 650 |
_aEconomia Post- Guerra. _93983 |
||
| 700 |
_aLee, Maurice _93980 |
||
| 942 |
_2ddc _cLIBROS |
||
| 945 |
_artm _d2019-02-26 |
||